Word Ladder: Hot Times Quiz Stats

 Plays Quiz Updated Jan 30, 2013

     
Support Sporcle.
Go Orange.
Score 0/34 Timer 03:00
0 Plays Today
Hint 4-Letter Word % Correct
▲ '____ TO THE FUTURE' ▲▲ BACK ▲
97.7%
Canine commentBARK
94.5%
Lisa and Maggie's brotherBART
92.2%
▲ UNTAMED ▲▲ WILD ▲
86.5%
Bread or wall fungiMOLD
82%
Meek or gentleMILD
81.9%
John Candy role; Uncle ____BUCK
79.2%
Bus or taxi chargeFARE
78.2%
Had onWORE
77.1%
DeterminationWILL
75.7%
InvoiceBILL
75%
Grocery wainCART
74.6%
▲ PURGATORY ▲▲ HELL ▲
74.3%
▲ SAVINGS EVENT ▲▲ SALE ▲
68.8%
Bottom feederCARP
66.1%
Peel with a knifePARE
66%
▲ SUMMER, BOOT, OR BAND ▲▲ CAMP ▲
66%
Hint 4-Letter Word % Correct
PallidPALE
64.8%
Mixed, missing, or ladder quizWORD
63.2%
Aching or irateSORE
62.5%
____ KrishnaHARE
62.2%
Gameshow host MontyHALL
60.2%
UnblemishedPURE
59.4%
Emotional stateMOOD
58.6%
▲ 'NORWEGIAN ____' ▲▲ WOOD ▲
56.2%
Massive weightBULK
55.7%
SwindleBILK
53.9%
Dover flatfishSOLE
53.6%
Embedded spyMOLE
53.6%
In robust healthHALE
53%
▲ UNFAILING ▲▲ SURE ▲
50.6%
Pell's partnerMELL
46.8%
Capone or Dillinger's dameMOLL
45.1%
▲ COMMON BOND ▲▲ FIRE ▲
24.6%

Today's Daily Dose

Missing Word
Brands of Alcohol

Word Ladder
A Little Room?

Get the Picture
SpongeBob Rivalry

From the Vault

'FRIENDS' in Other Things

by sproutcm

Are we wrong, or did Ross not turn out as famous as the other Friends?
Remove Ads.
Support Sporcle.
Get the best of Sporcle when you Go Orange. This ad-free experience offers more features, more stats, and more fun while also helping to support Sporcle. Thank you for becoming a member.

Show Comments

Extras

Top Quizzes Today


Score Distribution

Your Account Isn't Verified!

In order to create a playlist on Sporcle, you need to verify the email address you used during registration. Go to your Sporcle Settings to finish the process.

Report this User

Report this user for behavior that violates our Community Guidelines.

Details: